000 00278nam a2200121 a 4500
005 20141022142007.0
008 100913s19uu xx 00 eng d
050 _aCD-ROM
_bC67 2003
245 _aMicroeconomics.
650 _aCD-ROM
650 _aMicroeconomics
942 _cAVM
999 _c276561
_d276561